| 000 | 00599nam a2200157Ia 4500 | ||
|---|---|---|---|
| 005 | 20240823010858.0 | ||
| 008 | 240331s9999 xx 000 0 und d | ||
| 020 | _a0140444173 | ||
| 082 |
_bTOL _a800 |
||
| 100 | _aTolstoy, L | ||
| 245 | 0 | _aWar and peace | |
| 260 |
_aEngland _bPenguin Group _c1869 |
||
| 300 | _a1443 p ., | ||
| 500 | _aA complete picture of human life: a complete picture of the Russia of that day: a complete picture of everything in which people place their happiness and greatness, their grief and humiliation. that is war and peace. ' writes a contemporary critic. | ||
| 942 | _cL | ||
| 999 |
_c3091 _d3091 |
||